|
|
|
|
| LEADER |
00000nam a2200000 a 4500 |
| 001 |
vtls001387137 |
| 003 |
SK-MaSNL |
| 005 |
20260301161520.0 |
| 008 |
251113s1999 xo ap r 0yy slo |
| 015 |
|
|
|a SNBA2000/06-02069
|
| 035 |
|
|
|a SNK000341322
|
| 035 |
|
|
|a urn:nbn:sk:snk-amtkeu
|
| 035 |
|
|
|a urn:nbn:sk:snk-am00c786
|
| 035 |
|
|
|a 1DD3F2F8-1AE1-4A7D-9C38-A026BB53973F
|
| 040 |
|
|
|a SNK
|b slo
|c SNK
|e AACR2
|
| 041 |
0 |
|
|a slo
|
| 044 |
|
|
|a xo
|c SK
|
| 080 |
|
|
|a 504.03(234.372.3)
|2 1981
|
| 100 |
1 |
|
|a Kluvánková-Oravská, Tatiana,
|d 1968-
|4 aut
|9 15758
|
| 245 |
1 |
0 |
|a Prístupy k ekonomickému hodnoteniu životného prostredia a možnosti ich uplatnenia v podmienkach transformujúcej sa ekonomiky Slovenskej republiky
|c Tatiana Kluvánková-Oravská
|
| 260 |
|
|
|a Bratislava
|b Prognostický ústav SAV
|c 1999
|
| 300 |
|
|
|a 93 s.
|b sch., tab.
|c 30 cm
|
| 490 |
1 |
|
|a Štúdia =Studies
|x 0862-9153
|v č. 1
|
| 500 |
|
|
|a 45 výt.
|
| 504 |
|
|
|a Bibliogr. s. 88-91. Res. angl.
|
| 650 |
0 |
7 |
|a prostredie životné
|x hodnotenie ekonomické
|z Malá Fatra (Slovensko)
|x štúdie
|2 SNK
|9 524643
|
| 650 |
0 |
7 |
|a životné prostredie
|2 SNK
|9 786
|
| 651 |
|
7 |
|a Malá Fatra (Slovensko : pohorie)
|2 SNK
|9 56372
|
| 655 |
|
7 |
|a príručky
|2 SNK
|9 74364
|
| 810 |
2 |
|
|a Slovenská akadémia vied.
|b Prognostický ústav
|t Štúdia
|9 524644
|
| 958 |
|
|
|a TL
|
| 958 |
|
|
|a NB
|
| 999 |
|
|
|c 809776
|d 811706
|
| 952 |
|
|
|t P60, <03>, [BOOK], {603}
|a SNK
|b SNK
|y PREZ
|7 0
|p 17A0236206
|o snkSB 61638
|i snkKSP 3978/2000
|0 0
|1 0
|4 0
|d 2000-04-18
|f 1
|l 0
|r 2025-04-10 00:00:00
|w 2026-02-24
|
| 952 |
|
|
|t P60, <04>, [BOOK], {604}
|a SNK
|b SNK
|y VYP
|7 0
|p 17A0236207
|o snkSB 61638 D1
|i snkKSP 3979/2000
|0 0
|1 0
|4 0
|d 2000-04-18
|l 0
|r 2005-01-02 00:00:00
|w 2026-02-24
|